Asian Countries English To Turkish - Statistics

General Stats
  • This quiz has been taken 588 times
  • The average score is 46 of 49
Answer Stats
English Türkçe % Correct
Turkey Türkiye
100%
China Çin
99%
India Hindistan
99%
Iraq Irak
99%
Iran İran
99%
Israel İsrail
99%
Syria Suriye
99%
Yemen Yemen
99%
Afghanistan Afganistan
98%
Azerbaijan Azerbaycan
98%
Qatar Katar
98%
Nepal Nepal
98%
Pakistan Pakistan
98%
Saudi Arabia Suudi Arabistan
98%
Turkmenistan Türkmenistan
98%
Vietnam Vietnam
98%
South Korea Güney Kore
97%
Japan Japonya
97%
Kazakhstan Kazakistan
97%
North Korea Kuzey Kore
97%
Uzbekistan Özbekistan
97%
Thailand Tayland
97%
Bangladesh Bangladeş
96%
Indonesia Endonezya
96%
Kyrgyzstan Kırgızistan
96%
Maldives Maldivler
96%
Singapore Singapur
96%
Philippines Filipinler
95%
Sri Lanka Sri Lanka
95%
Taiwan Tayvan
95%
Armenia Ermenistan
94%
Palestine Filistin
94%
Lebanon Lübnan
94%
Tajikistan Tacikistan
94%
Kuwait Kuveyt
93%
Cyprus Kıbrıs
92%
Malaysia Malezya
91%
Bahrain Bahreyn
88%
Cambodia Kamboçya
88%
Laos Laos
88%
Georgia Gürcistan
87%
Mongolia Moğolistan
84%
Myanmar Myanmar
84%
Oman Umman
84%
Bhutan Butan
82%
Brunei Brunei
78%
East Timor Doğu Timor
77%
Jordan Ürdün
77%
UAE BAE
71%
No matching quizzes found
Score Distribution
Percent of People with Each Score
Percentile by Number Answered
Your Score History
You have not taken this quiz